Základy kalkulace vlastních nákladů průmyslové výroby /

Hlavní autor: Novotný, Ladislav
Další autoři: Beneš, Ladislav, 1921-
Jazyk: Čeština
Vydáno: Praha : Orbis, 1955
Vydání: 1. vyd. v Orbisu
Edice: Účetní evidence
Fyzický popis: 181 s. ; 8°
Knihy
Uloženo v:
LEADER 00938nam a22002892a 4500
001 001441616
003 CZ BrMZK
005 20150527131207.0
007 ta
008 141204s1955 xr er|||||||||||cze d
015 |a cnb000680165 
035 |a (OCoLC)85449355 
040 |a ABA001  |b cze  |c BOA001  |d ABA001  |d BOA001 
100 1 |a Novotný, Ladislav  |4 aut 
245 1 0 |a Základy kalkulace vlastních nákladů průmyslové výroby /  |c Ladislav Novotný ; předmluva Ladislav Beneš 
250 |a 1. vyd. v Orbisu 
260 |a Praha :  |b Orbis,  |c 1955 
300 |a 181 s. ;  |c 8° 
490 1 |a Účetní evidence 
500 |a 4400 výt. 
504 |a Obsahuje bibliografii a rejstřík 
700 1 |a Beneš, Ladislav,  |d 1921-  |7 jk01011626  |4 wfw 
830 0 |a Účetní evidence 
910 |a BOA001  |b 2-0351.763 
990 |a BK 
991 |b 201412 
996 6 |b 2618906233  |c 2-0351.763  |l MZK  |r Sklad / do 24 hodin  |n 1  |w 001476595  |u 000010  |a 1  |e BOA001  |j MZK50  |s P